| 000 | 00487nam a2200169 a 4500 | ||
|---|---|---|---|
| 005 | 20140412111317.0 | ||
| 008 | 010321s19uu xx 00 eng d | ||
| 020 | _a0-7235-7772-2 | ||
| 050 |
_aM 423.1 _bF47 19_? |
||
| 100 | _aFilipek, Nina | ||
| 245 |
_aMy book of words / _cwritten by Nina Filipek ; illustrated by Edgar Hodges. |
||
| 260 |
_a[s.l.] : _b[s.n.], _c[n.d.] |
||
| 300 | _a1 v. (unp.) ; ill. | ||
| 440 | _aA Little Owl Book | ||
| 650 | _aBook of words | ||
| 999 |
_c104279 _d104279 |
||